Atlas descrito por el cielo /
Guardat en:
| Autor principal: | |
|---|---|
| Altres autors: | , |
| Format: | Electrònic eBook |
| Idioma: | espanyol serbi |
| Publicat: |
Madrid, España :
Sexto Piso,
[2015]
|
| Col·lecció: | Narrativa Sexto Piso.
|
| Matèries: | |
| Accés en línia: | Digitalia Hispánica |
| Etiquetes: |
Afegir etiqueta
Sense etiquetes, Sigues el primer a etiquetar aquest registre!
|
MARC
| LEADER | 00000nam a2200000Ii 4500 | ||
|---|---|---|---|
| 001 | DIGSEXPIS0021 | ||
| 003 | NyNyDIG | ||
| 006 | m o d | ||
| 007 | cr ||||||||||| | ||
| 008 | 230606s2015 sp ob 000 e spa d | ||
| 035 | |a (OCoLC)1382358278 | ||
| 040 | |a DGITA |b eng |e rda |e pn |c DGITA | ||
| 020 | |a 9788416358618 |q eBook | ||
| 020 | |z 9788496867307 | ||
| 041 | 1 | |a spa |h srp | |
| 050 | 1 | 4 | |a PG1419.26.E847 ebook |
| 100 | 1 | |a Petrović, Goran, |d 1961- |e author. | |
| 240 | 1 | 0 | |a Atlas opisan nebom. |l Spanish |s (Sužnjević) |
| 245 | 1 | 0 | |a Atlas descrito por el cielo / |c Goran Petrović ; traducción del serbio Dubravka Sužnjević ; prólogo de Alberto Manguel. |
| 264 | 1 | |a Madrid, España : |b Sexto Piso, |c [2015] | |
| 300 | |a 1 online resource. | ||
| 336 | |a text |b txt |2 rdacontent | ||
| 337 | |a computer |b c |2 rdamedia | ||
| 338 | |a online resource |b cr |2 rdacarrier | ||
| 347 | |a text file |2 rdaft | ||
| 347 | |b EPUB | ||
| 504 | |a Includes bibliographical references. | ||
| 490 | 1 | |a Narrativa Sexto Piso | |
| 588 | 0 | |a Online resource; title from ePub title page (Digitalia, viewed June 6, 2023) | |
| 655 | 7 | |a Essays. |2 lcgft | |
| 700 | 1 | |a Manguel, Alberto, |e contributor agent of text. | |
| 700 | 1 | |a Sužnjević, Dubravka, |e translator. | |
| 700 | 1 | |i Translation of: |a Petrović, Goran, |d 1961- |t Atlas opisan nebom. | |
| 791 | 2 | |a Digitalia (Firm), |e distributor. | |
| 793 | 0 | |g Digitalia eBook Collection: |a Editorial Sexto Piso | |
| 776 | 0 | 8 | |i Print version: |a Petrović, Goran, 1961- |s Atlas opisan nebom. Spanish (Sužnjević). |t Atlas descrito por el cielo. |b Segunda edición. |d Madrid, España : Sexto Piso, 2008 |z 9788496867307 |
| 830 | 0 | |a Narrativa Sexto Piso. | |
| 856 | 4 | 0 | |3 Digitalia Hispánica |u https://digitalia.unach.elogim.com/a/81284/ |
| 910 | |a Premium collection: 2023 | ||